Представление документа в формате MARC21

Поле Инд. ПП Название Значение
Тип записи a
Библиографический уровень b
001 Контрольный номер 0a4190d36419421c93c857d99f831034
005 Дата корректировки 20200625110844.6
008 Кодируемые данные 20170331
040 b Код языка каталог. rus
e Правила каталог. PSBO
041 0_ a Код языка текста rus
084 a Индекс другой классификации/Индекс ББК 67.408.012(2Рос)
100 1_ a Автор Власов Ю. А.
245 10 a Заглавие Понятие физиологического аффекта в уголовном праве
520 0_ a Аннотация В статье рассматриваются механизм и обстоятельства возникновения аффекта, а также судебная практика применения статей 107 и 113 Уголовного кодекса РФ
650 14 a Основная рубрика право; уголовное право
653 0_ a Ключевые слова аффект
a Ключевые слова правовое регулирование
a Ключевые слова психолого-психиатрическая экспертиза
a Ключевые слова Россия
a Ключевые слова сильное душевное волнение
a Ключевые слова судебная экспертиза
a Ключевые слова уголовно-правовая система
a Ключевые слова уголовные преступления
a Ключевые слова Уголовный кодекс РФ
a Ключевые слова физиологический аффект
773 08 t Заглавие источника Российская юстиция
d Дата издания источника 2020
g Прочая информация № 3. - С. 23 - 26
w Контрольный № источника e7466aa06b2540358281e2135db0f8ff
901 t Тип документа b